LEADER 01164nam0-22003371i-450- 001 990007122410403321 005 20050912163103.0 010 $a0-521-42397-X 035 $a000712241 035 $aFED01000712241 035 $a(Aleph)000712241FED01 035 $a000712241 100 $a20021001h19891993km-y0itay50------ba 101 0 $aeng 102 $aGB 105 $aacfhaio-001cy 200 1 $aHealth, race and german politics between national unification and Nazism, 1870-1945$fPaul Weindling 210 $aLuogo$cCambridge University Press$d1989$h1a? stampa in brossura 1993 215 $aXII,641 p., [1] c. di tav.$cill. b/n$d23 cm 225 1 $aCambridge history of medicine 610 0 $aStoria della medicina - Germania unita - Nazismo 610 0 $aPolitica - Sanità pubblica - Eugenica - Razza 676 $a320.56$v21$zita 700 1$aWeindling,$bPaul$0262318 801 0$aIT$bUNINA$gRICA$2UNIMARC 901 $aBK 912 $a990007122410403321 952 $a320.56 WEI 1$bBibl. 43630$fFLFBC 959 $aFLFBC 996 $aHealth, race and german politics between national unification and Nazism, 1870-1945$9702772 997 $aUNINA LEADER 00841nam0-22003011i-450- 001 990003199280403321 035 $a000319928 035 $aFED01000319928 035 $a(Aleph)000319928FED01 035 $a000319928 100 $a20000920d1966----km-y0itay50------ba 101 0 $aFRE 102 $aIT 200 1 $aSociologie de la sexualité$fHelmut Schelsky$gTraduit de l'allemand par Mathilde Camhi. 210 $aParis$cGallimard$d1966. 215 $a251 p.$d17 cm 225 1 $aCollection Idées$v103 610 0 $aComportamento sessuale 676 $a15410 702 1$aSchelsky,$bHelmut$f<1912-1984> 801 0$aIT$bUNINA$gRICA$2UNIMARC 901 $aBK 912 $a990003199280403321 952 $a15410 SCH$b5358/I$fSES 959 $aSES 996 $aSociologie de la sexualité$9453108 997 $aUNINA DB $aING01